Przetłumacz z polskiego na niemiecki sezon 8 część 1 - klikanie - Statystyki

Ogólne statystyki
  • Ten quiz został rozwiązany 4 razy
  • Średni wynik to 16 z 19
Statystyki odpowiedzi
Hint Odpowiedź % Poprawnych
Hostel das Hostel
100%
Hotel das Hotel
100%
Muzeum das Museum
100%
Program das Programm
100%
Przygotować program das Programm vorbereiten
100%
Wybrać cel podróży das Reiseziel auswählen
100%
Ustalić termin den Termin festlegen
100%
Termin der Termin
100%
Atrakcja die Attraktion
100%
Załatwić bilety die Fahrkarten besorgen
100%
Pensjonat die Pension
100%
Przed podróżą Vor der Reise
100%
Cel podróży das Reiseziel
67%
Przewodnik turystyczny der Reiseführer
67%
Wskazówka der Tipp
67%
Zarezerwować nocleg die Unterkunft buchen
67%
Podróż die Fahrt
33%
Zabytek die Sehenswürdigkeit
33%
Nocleg die Unterkunft
33%
Nie znaleziono quizów pasujących do podanych kryteriów
Rozkład punktacji
Procent ludzi z każdym wynikiem
Percentyl według liczby udzielonych odpowiedzi
Twoja historia wyników
Nie rozwiązałeś tego quizu